_Environmental Science / Bernard J. Nebel (Record no. 7402)
[ view plain ]
| 000 -LEADER | |
|---|---|
| fixed length control field | 00458nam a2200157Ia 4500 |
| 008 - FIXED-LENGTH DATA ELEMENTS--GENERAL INFORMATION | |
| fixed length control field | 151021s9999 xx 000 0 und d |
| 020 ## - INTERNATIONAL STANDARD BOOK NUMBER | |
| International Standard Book Number | 130831344 |
| 050 ## - LIBRARY OF CONGRESS CALL NUMBER | |
| Classification number | GE 105 .N42 2000 |
| 245 ## - TITLE STATEMENT | |
| Title | _Environmental Science / Bernard J. Nebel |
| 260 ## - PUBLICATION, DISTRIBUTION, ETC. (IMPRINT) | |
| Place of publication, distribution, etc. | New Jersey : Prentice Hall, 2000 |
| 300 ## - PHYSICAL DESCRIPTION | |
| Extent | xxiii,664 p. |
| 500 ## - GENERAL NOTE | |
| General note | Includes index |
| 650 ## - SUBJECT ADDED ENTRY--TOPICAL TERM | |
| Topical term or geographic name as entry element | _Environmental Science |
| 700 ## - ADDED ENTRY--PERSONAL NAME | |
| Personal name | _Richard T. Wright |
| 980 ## - EQUIVALENCE OR CROSS-REFERENCE-SERIES STATEMENT--PERSONAL NAME/TITLE [LOCAL, CANADA] | |
| Personal name | ^d20110705 04:29:36^okilerai |
No items available.